000 00488nam a2200169 4500
003 SEACOMEC
005 20240812121632.0
008 240812b |||||||| |||| 00| 0 eng d
020 _a81-203-2864-7
_c250.00
040 _aSEACOMEC
082 _a006.3
_bA314
100 _a AKERKAR, RAJENDRA
245 _aINTRODUCTION TO ARTIFICIAL INTELLIGENCE
_cRAJENDRA AKERKAR
260 _aNew Delhi
_bPhi Learning
_c2005
650 _a Computer Science
_v - Artificial intelligence
942 _cBOOK
999 _c1561
_d1561